书目信息 |
| 题名: |
基础电路分析
|
|
| 作者: | 闻跃 编著 | |
| 分册: | ||
| 出版信息: | 北京 北方交通大学出版社 2002 |
|
| 页数: | 391页 | |
| 开本: | 26cm | |
| 丛书名: | ||
| 单 册: | ||
| 中图分类: | TM133 | |
| 科图分类: | ||
| 主题词: | 电路分析 | |
| 电子资源: | ||
| ISBN: | 7-81082-080-X | |
| 000 | 00752nam0 2200229 45 | |
| 001 | 040000246534 | |
| 005 | 20061208110027.28 | |
| 010 | @a7-81082-080-X@dCNY29.00 | |
| 100 | @a20021012d2002 em y0chiy0120 ea | |
| 101 | 0 | @achi |
| 102 | @aCN@b110000 | |
| 105 | @aak z 000yy | |
| 200 | 1 | @a基础电路分析@AJi Chu Dian Lu Fen Xi@f闻跃等编著@FWen Yue Deng Bian Zhu |
| 210 | @a北京@c北方交通大学出版社@c清华大学出版社@d2002 | |
| 215 | @a391页@c图@d26cm | |
| 300 | @a国家电工电子教学基地系列教材 | |
| 330 | @a本书讲述了电路基础知识和基本分析方法,介绍电路分析软件的使用,内容以经典电路分析方法和线性电路分析为主。 | |
| 606 | 0 | @a电路分析 |
| 690 | @aTM133@v4 | |
| 701 | 0 | @a闻跃@4编著 |
| 801 | 0 | @aCN@bCXYBOOK@c20061208 |
| 905 | @f1@b352025@dTM133@e127 | |
| 基础电路分析/闻跃等编著.-北京:北方交通大学出版社:清华大学出版社,2002 |
| 391页:图;26cm |
| 国家电工电子教学基地系列教材 |
| ISBN 7-81082-080-X:CNY29.00 |
| 本书讲述了电路基础知识和基本分析方法,介绍电路分析软件的使用,内容以经典电路分析方法和线性电路分析为主。 |
| ● |
| 相关链接 |
|
|
|
|
正题名:基础电路分析
索取号:TM133/127
 
预约/预借
| 序号 | 登录号 | 条形码 | 馆藏地/架位号 | 状态 | 备注 |
| 1 | 0352025 | 3520256 | 第二样本阅览室/ [索取号:TM133/127] | 在馆 | |
| 2 | 0374510 | 203745108 | 第三借阅区/ [索取号:TM133/127] | 在馆 | |
| 3 | 0374511 | 203745117 | 第三借阅区/ [索取号:TM133/127] | 在馆 | |
| 4 | 0374512 | 203745126 | 第三借阅区/ [索取号:TM133/127] | 在馆 | |
| 5 | 0374513 | 203745135 | 第三借阅区/ [索取号:TM133/127] | 在馆 | |
| 6 | 0374514 | 203745144 | 第三借阅区/ [索取号:TM133/127] | 在馆 |